Rhyme, rhythm and truth in economics (Record no. 79693)

MARC details
000 -LEADER
fixed length control field 00590cam a22002171 4500
001 - CONTROL NUMBER
control field sa 68003716
003 - CONTROL NUMBER IDENTIFIER
control field DLC
005 - DATE AND TIME OF LATEST TRANSACTION
control field 20260227112455.0
008 - FIXED-LENGTH DATA ELEMENTS--GENERAL INFORMATION
fixed length control field 710903s1967 ii 00010 eng
010 ## - LIBRARY OF CONGRESS CONTROL NUMBER
LC control number sa 68003716 //r86
025 ## - OVERSEAS ACQUISITION NUMBER
Overseas acquisition number PL480:I-E-9548
050 0# - LIBRARY OF CONGRESS CALL NUMBER
Classification number HB72
Item number .M4
082 ## - DEWEY DECIMAL CLASSIFICATION NUMBER
Classification number 330.01
100 10 - MAIN ENTRY--PERSONAL NAME
Personal name Mehta, J. K.
Fuller form of name (Jamshed Kaikhusroo),
Dates associated with a name 1901-
245 10 - TITLE STATEMENT
Title Rhyme, rhythm and truth in economics
Statement of responsibility, etc. [by] J. K. Mehta.
260 0# - PUBLICATION, DISTRIBUTION, ETC.
Place of publication, distribution, etc. Bombay,
-- New York,
Name of publisher, distributor, etc. Asia Pub. House
Date of publication, distribution, etc. [1967]
300 ## - PHYSICAL DESCRIPTION
Extent 229 p.
Dimensions 23 cm.
350 ## - PRICE (NR) (BK AM CF MU VM SE) [OBSOLETE]
Price Rs26
650 #0 - SUBJECT ADDED ENTRY--TOPICAL TERM
Topical term or geographic name entry element Economics.
650 #0 - SUBJECT ADDED ENTRY--TOPICAL TERM
Topical term or geographic name entry element Philosophy.

No items available.

Powered by Koha